000
00355nam a2200157Ia 4500
001
11028
005
20250626030824.0
008
211022s9999 xx 000 0 und d
082
_a
746.92 CAB
100
_a
Cabrera, Alfredo
245
0
_a
101 things I learned in fashion school
260
_a
New York
260
_c
2010
300
_a
202
942
_c
BK
999
_c
12572
_d
12572